<?xml version="1.0" encoding="UTF-8"?>
<collection xmlns="http://www.loc.gov/MARC21/slim">
  <record>
    <leader>00000nam  2200000   4500</leader>
    <controlfield tag="001">INLIS000000000018280</controlfield>
    <controlfield tag="005">20240924073736</controlfield>
    <datafield tag="035" ind1="#" ind2="#">
      <subfield code="a">0010-0924000109</subfield>
    </datafield>
    <controlfield tag="007">ta</controlfield>
    <controlfield tag="008">240924###########################0######</controlfield>
    <datafield tag="245" ind1="#" ind2="#">
      <subfield code="a">Tentara Sorong :</subfield>
      <subfield code="b">Terintegrasi online, Efisien dan Nyaman Dalam Pendaftaran Administrasi Kependudukan /</subfield>
      <subfield code="c">Johny Michael, S.E.,M.AP</subfield>
    </datafield>
    <datafield tag="260" ind1="#" ind2="#">
      <subfield code="a">Makassar :</subfield>
      <subfield code="b">Puslatbang KMP RI LAN Makassar,</subfield>
      <subfield code="c">2023</subfield>
    </datafield>
    <datafield tag="300" ind1="#" ind2="#">
      <subfield code="a">24 ;</subfield>
      <subfield code="c">30</subfield>
    </datafield>
    <datafield tag="700" ind1=" " ind2="#">
      <subfield code="a">Milawaty, S.S.,M.M (Coach)</subfield>
    </datafield>
    <datafield tag="700" ind1=" " ind2="#">
      <subfield code="a">Edi Siswanto, S.Sos.,M.SI. (Mentor)</subfield>
    </datafield>
    <datafield tag="520" ind1="#" ind2="#">
      <subfield code="a">Dalam era digitalisasi dan teknologi informasi yang semakin berkembang pesat, pemerintah dan instansi-instansi pelayanan publik di berbagai negara semakin beralih ke sistem pendaftaran dan layanan online.&#13;
Salah satu sektor yang mengalami transformasi signifikan adalah pendaftaran administrasi kependudukan. Pendaftaran administrasi kependudukan merupakan proses penting dalam mengelola dan menyediakan informasi tentang penduduk suatu negara, yang mencakup data-data vital seperti identitas, alamat, status pernikahan, dan lain sebagainya. Penerapan sistem pendaftaran administrasi kependudukan secara online memiliki potensi untuk memberikan berbagai manfaat, termasuk peningkatan efisiensi, akurasi data,dan kenyamanan bagi masyarakat.&#13;
Pada era konvensional sebelum adanya sistem pendaftaran online, proses pendaftaran administrasi kependudukan seringkali melibatkan berbagai kendala,seperti antrean panjang, waktu yang dibutuhkan, serta potensi kesalahan pencatatan manual. Selain itu, beberapa daerah dengan geografi yang sulit dijangkau sering menghadapi kesulitan dalam mengakses layanan administrasi kependudukan. Keterbatasan ini dapat menghambat perkembangan dan pengelolaan data kependudukan yang akurat.&#13;
Dengan adanya pendaftaran administrasi kependudukan secara online, berbagai kendala tersebut dapat diatasi.Integrasi teknologi informasi memungkinkan instansi pemerintah terkait untuk mengumpulkan data secara real-time,mengurangi risiko kesalahan manusia dalam pencatatan, dan meningkatkan akurasi data. Hal ini akan memberikan dampak positif dalam perencanaan pembangunan,distribusi bantuan sosial, perencanaan pemilihan umum, dan berbagai kebijakan publik lainnya.&#13;
Selain efisiensi dan akurasi, penerapan pendaftaran administrasi kependudukan secara online juga memberikan</subfield>
    </datafield>
    <datafield tag="600" ind1="#" ind2="4">
      <subfield code="a">Penerapan Sistem Pendaftaran Administrasi Kependudukan Secara online</subfield>
    </datafield>
    <datafield tag="856" ind1="#" ind2="#">
      <subfield code="a">PUSLATBANG KMP LAN RI Makassar</subfield>
    </datafield>
  </record>
</collection>
